[Event "DVM U12 2023"]
[Site "Magdeburg GER"]
[Date "2023.12.29"]
[Round "5"]
[White "Zargaran, Sepas"]
[Black "Zhao, Yunsheng"]
[Result "1-0"]
[Termination "normal"]
[Board "5.2"]
[WhiteElo "1636"]
[BlackElo "1433"]
[WhiteClock "00:27:27"]
[BlackClock "00:02:58"]
[WhiteTeam "VSG 1880 Offenbach"]
[BlackTeam "SK Bad Homburg 1927"]
[PlyCount "103"]
[WhiteFideId "34625275"]
[BlackFideId "16299280"]
[EventCountry "GER"]
[EventRounds "7"]
[EventType "team-swiss"]
[EventDate "2023.12.26"]

1. e4 {[%clk 01:30:59]} e5 {[%clk 01:30:53]} {[%emt 00:00:08]} 2. Nf3 {[%clk
01:31:20]} {[%emt 00:00:09]} Nc6 {[%clk 01:31:15]} {[%emt 00:00:08]} 3. Bb5
{[%clk 01:31:46]} {[%emt 00:00:03]} a6 {[%clk 01:31:37]} {[%emt 00:00:08]} 4.
Ba4 {[%clk 01:32:12]} {[%emt 00:00:04]} Nf6 {[%clk 01:31:54]} {[%emt 00:00:13]}
5. O-O {[%clk 01:32:36]} {[%emt 00:00:05]} d6 {[%clk 01:32:13]} {[%emt
00:00:11]} 6. Re1 {[%clk 01:32:59]} {[%emt 00:00:08]} Be7 {[%clk 01:32:33]}
{[%emt 00:00:10]} 7. c3 {[%clk 01:33:20]} {[%emt 00:00:10]} O-O {[%clk
01:32:27]} {[%emt 00:00:35]} 8. h3 {[%clk 01:33:44]} {[%emt 00:00:06]} b5
{[%clk 01:32:25]} {[%emt 00:00:32]} 9. Bc2 {[%clk 01:34:05]} {[%emt 00:00:09]}
Bb7 {[%clk 01:32:18]} {[%emt 00:00:37]} 10. d4 {[%emt 00:02:27]} Qd7 11. a4
{[%clk 01:33:53]} {[%emt 00:00:34]} Rfd8 {[%clk 01:25:22]} {[%emt 00:06:08]}
12. Bg5 {[%clk 01:29:58]} {[%emt 00:04:22]} h6 {[%clk 01:22:26]} {[%emt
00:03:28]} 13. Bh4 {[%clk 01:30:21]} {[%emt 00:00:07]} exd4 {[%clk 01:10:09]}
{[%emt 00:12:47]} 14. cxd4 {[%clk 01:30:00]} {[%emt 00:00:51]} Nb4 {[%clk
00:56:23]} {[%emt 00:14:15]} 15. Nbd2 {[%clk 01:23:45]} {[%emt 00:06:44]} Nxc2
{[%clk 00:55:13]} {[%emt 00:01:42]} 16. Qxc2 {[%clk 01:24:09]} {[%emt
00:00:06]} Re8 {[%clk 00:48:49]} {[%emt 00:06:54]} 17. Rac1 {[%clk 01:13:24]}
{[%emt 00:11:14]} Rac8 {[%clk 00:44:56]} {[%emt 00:04:23]} 18. axb5 {[%clk
01:11:17]} {[%emt 00:02:37]} axb5 {[%clk 00:45:05]} {[%emt 00:00:21]} 19. e5
{[%clk 01:06:46]} {[%emt 00:05:02]} Nd5 {[%clk 00:44:06]} {[%emt 00:01:29]} 20.
Bxe7 {[%emt 00:01:17]} Rxe7 {[%clk 00:38:25]} {[%emt 00:06:10]} 21. Ne4 {[%clk
01:02:08]} {[%emt 00:04:17]} Nb6 {[%emt 00:06:04]} 22. Kh2 {[%clk 00:50:44]}
{[%emt 00:11:53]} Bxe4 {[%clk 00:29:50]} {[%emt 00:03:36]} 23. Rxe4 {[%clk
00:48:43]} {[%emt 00:02:30]} d5 {[%clk 00:27:22]} {[%emt 00:03:00]} 24. Rg4
{[%clk 00:43:41]} {[%emt 00:05:31]} Re6 {[%clk 00:24:45]} {[%emt 00:03:08]} 25.
Nd2 {[%clk 00:39:09]} {[%emt 00:05:01]} Qe7 {[%clk 00:24:10]} {[%emt 00:01:06]}
26. Nb3 {[%clk 00:38:09]} {[%emt 00:01:29]} Nd7 {[%clk 00:23:19]} {[%emt
00:01:22]} 27. f4 {[%clk 00:37:13]} {[%emt 00:01:26]} Kh8 {[%clk 00:16:09]}
{[%emt 00:07:40]} 28. f5 {[%clk 00:31:24]} {[%emt 00:06:20]} Rb6 {[%clk
00:15:30]} {[%emt 00:01:09]} 29. Qd2 {[%clk 00:30:04]} {[%emt 00:01:50]} Qf8
{[%clk 00:12:08]} {[%emt 00:03:49]} 30. Rh4 {[%clk 00:27:54]} {[%emt 00:02:42]}
Kh7 {[%clk 00:10:58]} {[%emt 00:01:41]} 31. g4 {[%clk 00:27:51]} {[%emt
00:00:33]} g6 {[%clk 00:09:15]} {[%emt 00:02:13]} 32. f6 {[%clk 00:28:00]}
{[%emt 00:00:21]} Nxf6 {[%clk 00:04:42]} {[%emt 00:05:03]} 33. exf6 {[%clk
00:28:18]} {[%emt 00:00:12]} Rxf6 {[%clk 00:03:15]} {[%emt 00:01:58]} 34. g5
{[%clk 00:28:27]} {[%emt 00:00:22]} Rf5 {[%clk 00:02:50]} {[%emt 00:00:54]} 35.
Rxh6+ {[%clk 00:28:08]} {[%emt 00:00:49]} Kg7 {[%clk 00:03:02]} {[%emt
00:00:18]} 36. Rc6 {[%clk 00:27:48]} {[%emt 00:00:50]} Qe7 {[%clk 00:03:06]}
{[%emt 00:00:26]} 37. Rh4 {[%clk 00:26:23]} {[%emt 00:01:55]} Rf3 {[%clk
00:02:11]} {[%emt 00:01:25]} 38. Nc1 {[%clk 00:24:38]} {[%emt 00:02:13]} Re8
{[%clk 00:01:25]} {[%emt 00:01:17]} 39. Rf6 {[%clk 00:24:21]} {[%emt 00:00:47]}
Rxf6 {[%clk 00:01:18]} {[%emt 00:00:37]} 40. gxf6+ {[%emt 00:00:07]} Qxf6
{[%clk 00:01:35]} {[%emt 00:00:12]} 41. Qh6+ {[%clk 00:25:06]} {[%emt
00:00:10]} Kg8 {[%clk 00:02:01]} {[%emt 00:00:04]} 42. Qh7+ {[%clk 00:25:30]}
{[%emt 00:00:06]} Kf8 {[%clk 00:02:11]} {[%emt 00:00:20]} 43. Qh8+ {[%clk
00:25:55]} {[%emt 00:00:05]} Qxh8 {[%clk 00:01:59]} {[%emt 00:00:43]} 44. Rxh8+
{[%clk 00:26:18]} {[%emt 00:00:07]} Ke7 {[%clk 00:02:26]} {[%emt 00:00:03]} 45.
Rxe8+ {[%clk 00:26:40]} {[%emt 00:00:07]} Kxe8 {[%clk 00:02:50]} {[%emt
00:00:06]} 46. Kg3 {[%clk 00:27:05]} {[%emt 00:00:06]} Ke7 {[%clk 00:03:01]}
{[%emt 00:00:18]} 47. Nd3 {[%clk 00:27:12]} {[%emt 00:00:23]} Kf6 {[%clk
00:02:17]} {[%emt 00:01:14]} 48. Nb4 {[%clk 00:27:03]} {[%emt 00:00:40]} Ke6
{[%clk 00:02:35]} {[%emt 00:00:12]} 49. Kf4 {[%clk 00:27:23]} {[%emt 00:00:10]}
f6 {[%clk 00:02:50]} {[%emt 00:00:15]} 50. h4 {[%clk 00:27:44]} {[%emt
00:00:10]} Kd6 {[%clk 00:03:03]} {[%emt 00:00:17]} 51. Nd3 {[%clk 00:27:17]}
{[%emt 00:00:56]} Ke6 {[%clk 00:02:58]} {[%emt 00:00:35]} 52. Kg4 {[%clk
00:27:27]} {[%emt 00:00:20]} 1-0

[Event "DVM U12 2023"]
[Site "Magdeburg GER"]
[Date "2023.12.29"]
[Round "5"]
[White "Kesavan, Sarvesh"]
[Black "Papadopoulos, Kyriakos"]
[Result "1/2-1/2"]
[Termination "normal"]
[Board "5.3"]
[WhiteElo "1482"]
[BlackElo "1465"]
[WhiteTeam "SK Bad Homburg 1927"]
[BlackTeam "VSG 1880 Offenbach"]
[PlyCount "31"]
[WhiteFideId "34648160"]
[BlackFideId "34630732"]
[EventCountry "GER"]
[EventRounds "7"]
[EventType "team-swiss"]
[EventDate "2023.12.26"]

1. e4 {[%emt 00:00:28]} e5 {[%emt 00:00:04]} 2. Nf3 {[%emt 00:00:05]} Nc6
{[%emt 00:00:05]} 3. Bc4 {[%emt 00:00:07]} Bc5 {[%emt 00:00:10]} 4. O-O {[%emt
00:00:13]} Nf6 {[%emt 00:00:04]} 5. d3 {[%emt 00:01:21]} h6 {[%emt 00:00:12]}
6. h3 {[%emt 00:02:29]} d6 {[%emt 00:00:04]} 7. c3 {[%emt 00:00:05]} Be6 {[%emt
00:01:05]} 8. Bb3 {[%emt 00:00:15]} O-O {[%emt 00:02:37]} 9. Be3 {[%emt
00:03:02]} Bb6 {[%emt 00:00:48]} 10. Nbd2 {[%emt 00:00:18]} Nd7 {[%emt
00:01:53]} 11. Nc4 {[%emt 00:02:13]} Qf6 {[%emt 00:04:21]} 12. Nxb6 {[%emt
00:01:36]} axb6 {[%emt 00:00:22]} 13. Bxe6 {[%emt 00:00:58]} fxe6 {[%emt
00:00:22]} 14. Nd2 {[%emt 00:07:49]} Nc5 {[%emt 00:04:53]} 15. Bxc5 {[%emt
00:05:41]} bxc5 {[%emt 00:00:45]} 16. Qb3 {[%emt 00:08:53]} 1/2-1/2

[Event "DVM U12 2023"]
[Site "Magdeburg GER"]
[Date "2023.12.29"]
[Round "5"]
[White "Kollmer, Otto"]
[Black "Mosch, Cornelius"]
[Result "1/2-1/2"]
[Termination "normal"]
[Board "5.4"]
[WhiteElo "1029"]
[BlackElo "1107"]
[WhiteClock "00:55:50"]
[BlackClock "01:29:16"]
[WhiteTeam "VSG 1880 Offenbach"]
[BlackTeam "SK Bad Homburg 1927"]
[PlyCount "75"]
[WhiteFideId "34660712"]
[BlackFideId "34681744"]
[EventCountry "GER"]
[EventRounds "7"]
[EventType "team-swiss"]
[EventDate "2023.12.26"]

1. e4 {[%clk 01:30:57]} {[%emt 00:00:03]} e5 {[%clk 01:30:56]} {[%emt
00:00:05]} 2. Nf3 {[%clk 01:31:23]} {[%emt 00:00:03]} Nc6 {[%clk 01:31:19]}
{[%emt 00:00:08]} 3. d4 {[%clk 01:31:49]} {[%emt 00:00:04]} exd4 {[%clk
01:31:39]} {[%emt 00:00:10]} 4. Nxd4 {[%clk 01:32:13]} {[%emt 00:00:05]} Bc5
{[%clk 01:32:00]} {[%emt 00:00:10]} 5. Be3 {[%clk 01:32:36]} {[%emt 00:00:07]}
Bxd4 {[%clk 01:32:17]} {[%emt 00:00:13]} 6. Bxd4 {[%clk 01:33:01]} {[%emt
00:00:05]} Nxd4 {[%clk 01:32:37]} {[%emt 00:00:11]} 7. Qxd4 {[%clk 01:33:26]}
{[%emt 00:00:04]} Qf6 {[%clk 01:33:00]} {[%emt 00:00:07]} 8. c3 {[%clk
01:32:25]} {[%emt 00:01:31]} d6 {[%clk 01:32:12]} {[%emt 00:01:18]} 9. Bb5+
{[%clk 01:29:49]} {[%emt 00:03:05]} c6 {[%clk 01:31:44]} {[%emt 00:00:59]} 10.
Ba4 {[%clk 01:28:27]} {[%emt 00:01:51]} Qxd4 {[%clk 01:32:01]} {[%emt
00:00:13]} 11. cxd4 {[%clk 01:27:58]} {[%emt 00:00:59]} Nf6 {[%clk 01:32:08]}
{[%emt 00:00:25]} 12. O-O {[%clk 01:25:30]} {[%emt 00:02:58]} O-O {[%clk
01:32:25]} {[%emt 00:00:12]} 13. Nc3 {[%clk 01:25:34]} {[%emt 00:00:26]} Be6
{[%clk 01:31:24]} {[%emt 00:01:32]} 14. f4 {[%clk 01:22:41]} {[%emt 00:03:22]}
Bc4 {[%clk 01:31:39]} {[%emt 00:00:15]} 15. Rfe1 {[%clk 01:21:02]} {[%emt
00:02:09]} b5 {[%clk 01:31:07]} {[%emt 00:01:02]} 16. Bc2 {[%clk 01:18:36]}
{[%emt 00:02:55]} Nd7 {[%clk 01:31:12]} {[%emt 00:00:25]} 17. b3 {[%clk
01:15:51]} {[%emt 00:03:16]} b4 {[%clk 01:31:32]} {[%emt 00:00:11]} 18. bxc4
{[%clk 01:15:05]} {[%emt 00:01:15]} bxc3 {[%clk 01:31:51]} {[%emt 00:00:10]}
19. Re3 {[%clk 01:14:34]} {[%emt 00:01:01]} Rab8 {[%clk 01:31:14]} {[%emt
00:01:08]} 20. Rxc3 {[%clk 01:14:48]} {[%emt 00:00:16]} Rfd8 {[%clk 01:31:32]}
{[%emt 00:00:12]} 21. Rd1 {[%clk 01:13:00]} {[%emt 00:02:18]} Rb2 {[%clk
01:31:44]} {[%emt 00:00:18]} 22. Ba4 {[%clk 01:08:13]} {[%emt 00:05:17]} Rxa2
{[%clk 01:30:52]} {[%emt 00:01:22]} 23. Bxc6 {[%clk 01:08:36]} {[%emt
00:00:07]} g6 {[%clk 01:29:31]} {[%emt 00:01:52]} 24. Rdd3 {[%clk 01:07:01]}
{[%emt 00:02:03]} Nf8 {[%clk 01:28:30]} {[%emt 00:01:33]} 25. d5 {[%clk
01:05:39]} {[%emt 00:01:51]} f6 {[%clk 01:28:25]} {[%emt 00:00:35]} 26. Ra3
{[%clk 01:04:23]} {[%emt 00:01:45]} Rc2 {[%clk 01:28:27]} {[%emt 00:00:28]} 27.
Rd4 {[%clk 01:02:14]} {[%emt 00:02:40]} Nd7 {[%clk 01:27:31]} {[%emt 00:01:26]}
28. h3 {[%clk 01:00:49]} {[%emt 00:01:55]} Nb6 {[%clk 01:27:29]} {[%emt
00:00:31]} 29. Bb5 {[%clk 00:59:22]} {[%emt 00:01:58]} Rc8 {[%clk 01:27:41]}
{[%emt 00:00:18]} 30. Rxa7 {[%clk 00:56:56]} {[%emt 00:02:55]} Nxc4 {[%clk
01:28:03]} {[%emt 00:00:09]} 31. Bxc4 {[%clk 00:57:15]} {[%emt 00:00:10]} R8xc4
{[%clk 01:28:26]} {[%emt 00:00:07]} 32. Rxc4 {[%clk 00:57:38]} {[%emt
00:00:07]} Rxc4 {[%clk 01:28:49]} {[%emt 00:00:07]} 33. Ra8+ {[%clk 00:57:51]}
{[%emt 00:00:16]} Kf7 {[%clk 01:28:59]} {[%emt 00:00:21]} 34. Ra7+ {[%clk
00:58:11]} {[%emt 00:00:09]} Kg8 {[%clk 01:29:12]} {[%emt 00:00:17]} 35. Re7
{[%clk 00:55:54]} {[%emt 00:02:46]} h5 {[%clk 01:29:17]} {[%emt 00:00:26]} 36.
e5 {[%clk 00:55:30]} {[%emt 00:00:54]} fxe5 {[%clk 01:29:21]} {[%emt 00:00:26]}
37. fxe5 {[%emt 00:00:17]} dxe5 {[%clk 01:29:16]} {[%emt 00:00:32]} 38. d6
{[%clk 00:55:50]} {[%emt 00:00:24]} 1/2-1/2

[Event "DVM U12 2023"]
[Site "Magdeburg GER"]
[Date "2023.12.29"]
[Round "5"]
[White "Meitzner, Jonathan Franz"]
[Black "Mehner, Clara"]
[Result "1-0"]
[Termination "normal"]
[Board "6.1"]
[WhiteElo "1409"]
[BlackElo "1387"]
[WhiteClock "00:27:25"]
[BlackClock "00:03:39"]
[WhiteTeam "1. Eichsfelder SC"]
[BlackTeam "USG Chemnitz"]
[PlyCount "63"]
[WhiteFideId "34616110"]
[BlackFideId "34612165"]
[EventCountry "GER"]
[EventRounds "7"]
[EventType "team-swiss"]
[EventDate "2023.12.26"]

1. e4 {[%clk 01:30:56]} {[%emt 00:00:03]} e6 {[%clk 01:30:55]} {[%emt
00:00:05]} 2. d4 {[%clk 01:31:16]} {[%emt 00:00:10]} d5 {[%clk 01:31:19]}
{[%emt 00:00:06]} 3. Nd2 {[%clk 01:31:38]} {[%emt 00:00:09]} Nf6 {[%clk
01:31:04]} {[%emt 00:00:46]} 4. e5 {[%clk 01:31:49]} {[%emt 00:00:18]} Nfd7
{[%clk 01:31:11]} {[%emt 00:00:22]} 5. c3 {[%clk 01:31:51]} {[%emt 00:00:28]}
c5 {[%clk 01:30:44]} {[%emt 00:00:57]} 6. Bd3 {[%clk 01:31:56]} {[%emt
00:00:26]} Nc6 {[%clk 01:26:16]} {[%emt 00:04:58]} 7. Ne2 {[%clk 01:31:50]}
{[%emt 00:00:35]} Be7 {[%clk 01:20:32]} {[%emt 00:06:14]} 8. O-O {[%clk
01:30:12]} {[%emt 00:02:09]} O-O {[%clk 01:19:50]} {[%emt 00:01:12]} 9. Re1
{[%clk 01:27:25]} {[%emt 00:03:16]} Re8 {[%clk 01:12:43]} {[%emt 00:07:37]} 10.
Nf3 {[%clk 01:25:02]} {[%emt 00:02:53]} cxd4 {[%clk 00:48:21]} {[%emt
00:24:52]} 11. cxd4 {[%clk 01:25:20]} {[%emt 00:00:12]} f6 {[%clk 00:48:17]}
{[%emt 00:00:33]} 12. exf6 {[%clk 01:23:36]} {[%emt 00:02:15]} Bxf6 {[%clk
00:46:33]} {[%emt 00:02:15]} 13. Nf4 {[%clk 01:23:28]} {[%emt 00:00:38]} Nf8
{[%clk 00:43:41]} {[%emt 00:03:21]} 14. Bc2 {[%clk 01:12:13]} {[%emt 00:11:46]}
Bd7 {[%clk 00:36:10]} {[%emt 00:08:01]} 15. Be3 {[%clk 01:08:16]} {[%emt
00:04:27]} Qb6 {[%clk 00:29:03]} {[%emt 00:07:36]} 16. Rb1 {[%clk 01:07:05]}
{[%emt 00:01:41]} Rac8 {[%clk 00:24:37]} {[%emt 00:04:57]} 17. a3 {[%clk
01:04:11]} {[%emt 00:03:24]} Rc7 {[%clk 00:22:09]} {[%emt 00:02:58]} 18. b4
{[%clk 01:00:26]} {[%emt 00:04:14]} Rec8 {[%clk 00:21:12]} {[%emt 00:01:27]}
19. Bd3 {[%clk 00:59:11]} {[%emt 00:01:45]} Kh8 {[%clk 00:20:43]} {[%emt
00:00:58]} 20. Nh5 {[%clk 00:52:17]} {[%emt 00:07:26]} Be7 {[%clk 00:17:47]}
{[%emt 00:03:25]} 21. Bf4 {[%clk 00:52:03]} {[%emt 00:00:44]} e5 {[%clk
00:16:40]} {[%emt 00:01:38]} 22. Nxe5 {[%clk 00:51:22]} {[%emt 00:01:10]} Nxe5
{[%clk 00:14:28]} {[%emt 00:02:42]} 23. Bxe5 {[%clk 00:51:37]} {[%emt
00:00:16]} Bd6 {[%clk 00:13:56]} {[%emt 00:01:01]} 24. Bxg7+ {[%clk 00:50:15]}
{[%emt 00:01:52]} Kg8 {[%clk 00:14:16]} {[%emt 00:00:11]} 25. Be5 {[%clk
00:50:15]} {[%emt 00:00:30]} Bxe5 {[%clk 00:13:44]} {[%emt 00:01:02]} 26. Rxe5
{[%clk 00:49:21]} {[%emt 00:01:25]} Ng6 {[%clk 00:12:46]} {[%emt 00:01:28]} 27.
Rxd5 {[%clk 00:33:46]} {[%emt 00:16:05]} Qe6 {[%clk 00:08:43]} {[%emt
00:04:32]} 28. Rc5 {[%clk 00:32:37]} {[%emt 00:01:39]} Qd6 {[%clk 00:06:30]}
{[%emt 00:02:42]} 29. Rbc1 {[%clk 00:28:11]} {[%emt 00:04:58]} Rxc5 {[%clk
00:04:21]} {[%emt 00:02:39]} 30. dxc5 {[%clk 00:27:22]} {[%emt 00:01:18]} Qe7
{[%clk 00:03:18]} {[%emt 00:01:31]} 31. Bxg6 {[%clk 00:27:07]} {[%emt
00:00:46]} hxg6 {[%clk 00:03:39]} {[%emt 00:00:09]} 32. Qxd7 {[%clk 00:27:25]}
{[%emt 00:00:12]} 1-0

[Event "DVM U12 2023"]
[Site "Magdeburg GER"]
[Date "2023.12.29"]
[Round "5"]
[White "Li, Joshua"]
[Black "Meitzner, Johan Eduard"]
[Result "0-1"]
[Termination "normal"]
[Board "6.2"]
[WhiteElo "1368"]
[BlackElo "1383"]
[WhiteClock "00:43:49"]
[BlackClock "01:10:29"]
[WhiteTeam "USG Chemnitz"]
[BlackTeam "1. Eichsfelder SC"]
[PlyCount "74"]
[WhiteFideId "34623639"]
[BlackFideId "34623612"]
[EventCountry "GER"]
[EventRounds "7"]
[EventType "team-swiss"]
[EventDate "2023.12.26"]

1. e4 {[%clk 01:30:57]} {[%emt 00:00:02]} c5 {[%clk 01:30:56]} {[%emt
00:00:05]} 2. Nf3 {[%clk 01:31:24]} {[%emt 00:00:03]} d6 {[%clk 01:31:23]}
{[%emt 00:00:03]} 3. d4 {[%clk 01:31:50]} {[%emt 00:00:04]} cxd4 {[%clk
01:31:51]} {[%emt 00:00:02]} 4. Nxd4 {[%clk 01:32:14]} {[%emt 00:00:05]} Nf6
{[%clk 01:32:18]} {[%emt 00:00:03]} 5. Nc3 {[%clk 01:32:37]} {[%emt 00:00:07]}
a6 {[%clk 01:32:38]} {[%emt 00:00:09]} 6. Bc4 {[%clk 01:31:27]} {[%emt
00:01:40]} e6 {[%clk 01:33:00]} {[%emt 00:00:09]} 7. Be3 {[%clk 01:30:34]}
{[%emt 00:01:23]} Be7 {[%clk 01:32:54]} {[%emt 00:00:34]} 8. Bb3 {[%clk
01:26:49]} {[%emt 00:04:17]} Qc7 {[%clk 01:32:14]} {[%emt 00:01:06]} 9. f3
{[%clk 01:25:16]} {[%emt 00:02:08]} Bd7 {[%clk 01:31:51]} {[%emt 00:00:49]} 10.
Qd2 {[%clk 01:25:03]} {[%emt 00:00:45]} Nc6 {[%clk 01:30:17]} {[%emt 00:02:03]}
11. Nxc6 {[%clk 01:24:59]} {[%emt 00:00:36]} bxc6 {[%clk 01:29:58]} {[%emt
00:00:49]} 12. h4 {[%clk 01:24:16]} {[%emt 00:01:13]} c5 {[%clk 01:29:12]}
{[%emt 00:01:16]} 13. a3 {[%clk 01:20:00]} {[%emt 00:04:46]} Bc6 {[%clk
01:24:53]} {[%emt 00:04:46]} 14. g4 {[%clk 01:19:22]} {[%emt 00:01:11]} Rd8
{[%clk 01:23:59]} {[%emt 00:01:18]} 15. Qh2 {[%clk 01:15:45]} {[%emt 00:04:12]}
Qb7 {[%clk 01:20:08]} {[%emt 00:04:12]} 16. Ba4 {[%clk 00:51:59]} {[%emt
00:24:25]} d5 {[%clk 01:18:40]} {[%emt 00:01:56]} 17. e5 {[%clk 00:50:57]}
{[%emt 00:01:34]} d4 {[%clk 01:16:46]} {[%emt 00:02:17]} 18. exf6 {[%clk
00:49:24]} {[%emt 00:02:10]} gxf6 {[%clk 01:12:27]} {[%emt 00:04:49]} 19. Bd2
{[%clk 00:45:41]} {[%emt 00:04:12]} dxc3 {[%clk 01:12:00]} {[%emt 00:00:57]}
20. Bxc6+ {[%clk 00:45:31]} {[%emt 00:00:40]} Qxc6 {[%clk 01:12:17]} {[%emt
00:00:13]} 21. Bxc3 {[%clk 00:45:32]} {[%emt 00:00:29]} Qxf3 {[%clk 01:11:14]}
{[%emt 00:01:27]} 22. g5 {[%clk 00:45:10]} {[%emt 00:00:58]} Bd6 {[%clk
01:10:16]} {[%emt 00:01:25]} 23. Qh3 {[%clk 00:44:52]} {[%emt 00:00:52]} Bg3+
{[%clk 01:10:26]} {[%emt 00:00:18]} 24. Qxg3 {[%clk 00:44:36]} {[%emt
00:00:47]} Qxg3+ {[%clk 01:10:50]} {[%emt 00:00:05]} 25. Ke2 {[%clk 00:44:52]}
{[%emt 00:00:14]} Qg2+ {[%clk 01:09:26]} {[%emt 00:01:54]} 26. Ke3 {[%clk
00:44:44]} {[%emt 00:00:39]} Qxc2 {[%clk 01:09:28]} {[%emt 00:00:25]} 27. Rhf1
{[%clk 00:43:30]} {[%emt 00:01:46]} Rd3+ {[%clk 01:09:24]} {[%emt 00:00:32]}
28. Kf4 {[%clk 00:43:44]} {[%emt 00:00:18]} e5+ {[%clk 01:09:35]} {[%emt
00:00:19]} 29. Kg4 {[%clk 00:43:34]} {[%emt 00:00:41]} Qe2+ {[%clk 01:09:22]}
{[%emt 00:00:43]} 30. Kf5 {[%clk 00:43:30]} {[%emt 00:00:35]} Rf3+ {[%clk
01:09:41]} {[%emt 00:00:09]} 31. Kg4 {[%clk 00:43:48]} {[%emt 00:00:14]} Rxf1+
{[%clk 01:10:03]} {[%emt 00:00:08]} 32. Kg3 {[%emt 00:00:08]} Rf3+ {[%emt
00:00:31]} 33. Kg4 {[%clk 00:43:20]} {[%emt 00:00:20]} f5+ {[%clk 01:10:28]}
{[%emt 00:00:04]} 34. Kh5 {[%clk 00:43:42]} {[%emt 00:00:09]} Rh3+ {[%clk
01:09:51]} {[%emt 00:01:07]} 35. Kh6 {[%clk 00:43:57]} {[%emt 00:00:13]} Rg8
{[%clk 01:10:14]} {[%emt 00:00:09]} 36. Kxh7 {[%clk 00:43:45]} {[%emt
00:00:42]} Qh5+ {[%clk 01:10:29]} {[%emt 00:00:15]} 37. Kxg8 {[%clk 00:43:49]}
{[%emt 00:00:26]} Qg6 {[%emt 00:00:53]} 0-1